000 00848nam a22002777a 4500
001 10080
003 FISKH
005 20260403131206.0
008 260403b cb ||||| |||| 00| 0 eng d
020 _a0241895553
040 _aFISKH
_beng
_cFISKH
_dFISKH
050 _aPZ7 .H91663
082 _a823.91
100 _aHunter, Evan
_eAuthor
245 _aMe and Mr. Stenner /
_cEvan Hunter
260 _aLondon :
_bHamish Hamilton ,
_c1976
300 _a157 pages :
_c21 cm
505 _aR
520 _aWhen her mother remarries, an eleven-year-old learns that she can love her stepfather and her real father at the same time.
521 8 _a750
_bLexile estimate
521 8 _aR
_bRaz-Plus
650 _aGrowing up
_vRealistic fiction
650 _aRelationships
_vChildren’s fiction
942 _2ddc
_cBK
_n0
999 _c10080
_d10080